Chemistry made easy : (Registro nro. 21762)

Detalles MARC
000 -Cabecera
Campo de control interno 00812nam a2200229Ia 4500
005 - Fecha y hora del registro
control field 20260407135100.0
008 - Elementos de Longitud Fija
fixed length control field 260320s9999||||xx |||||||||||||| ||und||
020 ## - ISBN
ISBN 9781952914058
041 ## - Idioma
Codigo Idioma Inglés
082 ## - DEWEY y NOTACIÓN INTERNA
Dewey 540
Notación Interna N96
110 ## - AUTOR INSTTITUCIONAL
Autor Institucional NurseEdu.com
245 #0 - TÍTULO DE MATERIAL BIBLIOGRÁFICO
Título Chemistry made easy :
Título paralelo an illustrated study guide for students to easily learn chemistry
260 ## - CIUDAD, EDITORIAL, AÑO
Ciudad [Lugar de publicación no identificado]
Nombre de la Editorial NurseEdu.com
Año [2021]
300 ## - DESCRIPCIÓN
N° Páginas 206 páginas :
Otros detalles ilustraciones, tablas ;
Dimensiones 28 cm.
500 ## - NOTA GENERAL
Nota General (Año: [2021] tomado deL catálogo WorldCat)
650 ## - TEMAS
Temas Tecnología (Ciencias Aplicadas)
653 ## - DESCRIPTORES
Lenguajes no controlado Química - Estudio y enseñanza
654 ## - PROGRAMAS
Programa Dpto. de Humanidades
856 ## - URL - UBICACIÓN
URI/URL: Enlace exacto del recurso <a href="https://ebooks7-24-com.ucsp.lookproxy.com/stage.aspx?il=&pg=&ed=">https://ebooks7-24-com.ucsp.lookproxy.com/stage.aspx?il=&pg=&ed=</a>
Nota pública: Versión digital <a href="Véase además: Base de datos Ebook7-24">Véase además: Base de datos Ebook7-24</a>
942 ## - ELEMENTOS DE KOHA
Tipo de documento Libro
Nombre del creador Justo Noguera
Código de catalogador Margarita Torres
Esquema de clasificación Dewey Decimal Classification
Existencias
Codigo completo Registro Colección Copia número Disponibilidad Tipo de préstamo Biblioteca Actual Procedencia (Biblioteca) Ubicacón Fecha Ingreso Tipo de Adquisición Date last seen Total checkouts Price effective from Tipo de Item Estado del Material Fuente de Clasificación Damaged status Withdrawn status
540 N96 1085316 Universidad Católica San Pablo 1 Disponible Disponible Víctor Andrés Belaunde Víctor Andrés Belaunde Segundo piso 07/04/2026 Compra 07/04/2026   07/04/2026 Libro Bueno Dewey Decimal Classification